| 000 | 00516nam a22001697a 4500 | ||
|---|---|---|---|
| 003 | 0 | ||
| 005 | 20260205163945.0 | ||
| 008 | 260205b xxu||||| |||| 00| 0 eng d | ||
| 020 | _a978-0-545-67352-5 | ||
| 050 |
_aM 523.4 _bC48 2014 |
||
| 082 |
_aM 523.4 _bC48 2014 |
||
| 245 | _aA Journey through the solar system / | ||
| 260 |
_aNew York, NY : _bScholastic, The Magic School Bus, _c2014. |
||
| 300 |
_a32 pages : _bcolored illustrations ; _c26 cm. |
||
| 650 |
_aSolar system _vJuvenile literature. |
||
| 942 |
_2ddc _cBK |
||
| 999 |
_c368835 _d368835 |
||